| 000 | 03297nam a2200289Ia 4500 | ||
|---|---|---|---|
| 003 | CO-CtgCURN | ||
| 005 | 20250731161751.0 | ||
| 008 | 250730s2024 xx 000 0 und d | ||
| 020 | _a9789585114722 | ||
| 040 |
_aCO-CtgCURN _bspa _ccoctgcurn |
||
| 082 |
_a342 _bM491 |
||
| 245 | 0 |
_aNuevas perspectivas del derecho constitucional / _ceditor., Ramón Medina Arteta |
|
| 260 |
_aCartagena de Indias : Colombia _bEditorial Bonaventuriana, _c2024 |
||
| 300 |
_a126 páginas : _c22 centímetros |
||
| 500 | _aIncluye índice | ||
| 504 | _aIncluye referencias bibliógraficas (p. 123-125) | ||
| 505 | _aCap. I. Las plataformas digitales de reparto y la protección de los derechos sociales en la cuarta revolución industrial -- Cap. II. El Derecho fundamental al agua potable y su consolidación en la vereda La Suprema, municipio de María La Baja-Bolívar -- Cap. III. Los derechos bioculturales en la jurisprudencia de la Corte Constitucional -- Cap. IV. La filiación derivada de la relación padre/madre e hijo(a) de crianza | ||
| 520 | _aCon la creación del Internet, y en el marco del fenómeno de la globalización, el mundo ha dado un giro respecto de la manera en que se desarrollan las diferentes esferas de la vida. Uno de los cambios más notorios se ha proyectado en la economía y el comercio, siendo estos dos los motores determinantes de la vida en sociedad en tiempos del capitalismo tardío. En ese sentido, las novedades tecnológicas han traído consigo variaciones en las formas de contratación o modalidades de trabajo, donde uno de los ejemplos más claros, y exitosos, es el caso de las plataformas digitales de reparto. Que uno de los retos más grandes que tienen los sistemas jurídicos contemporáneos que, como Colombia, se fundan en el respeto y protección de la dignidad humana, el trabajo, la solidaridad, seguridad social y demás derechos humanos se encuentra en la definición de la naturaleza de los vínculos que existen entre las plataformas digitales de reparto y el trabajador. Principalmente, porque la posición predominante de estas plataformas define a los repartidores como “trabajadores autónomos”; empero, con las condiciones en las que realizan sus labores, puede dudarse de esa autonomía que se le endilga inicialmente. En esa medida, el sentido de este trabajo busca precisar, en el marco del estado actual de la protección de los derechos sociales, la forma en la que se regula el vínculo que une a los domiciliarios/conductores con las plataformas digitales de reparto, precisando el modus operandi de estas respecto a las modalidades de contratación, acompañado del análisis desde el derecho comparado y el estudio de pronunciamientos judiciales que resuelven casos similares alrededor del mundo, específicamente, en Europa y en América Latina. | ||
| 521 | _aAREA PROFESIONAL | ||
| 590 | _aPrograma de Derecho_18 | ||
| 650 | _aDerecho constitucional | ||
| 650 | _aPlataformas digitales de reparto | ||
| 700 |
_aMedina Arteta, Ramón _eeditor |
||
| 856 |
_uhttps://unicurn.sharepoint.com/:b:/s/biblioteca/EVowpbGTc0VPmbA0ctdpnTIBLPVd1_u3092ioAfhkOwTrw?e=dVUez7 _yConsulte aquí el texto completo |
||
| 942 |
_cBK _h342 _iM491 _2ddc _n0 |
||
| 999 |
_c49155 _d49155 |
||